000
00299nam a22001337a 4500
008
170929b xxu||||| |||| 00| 0 eng d
020
_a
9780618433926
041
_a
eng
080
_a
37
100
_a
47
101
_a
EDU
245
_a
DISCRETE MATHEMATICS FOR TEACHERS
_c
WHEELER
942
_2
udc
_c
BK
999
_c
30686
_d
30686